Famous People by Picture #3 - Statistics

General Stats
  • This quiz has been taken 52 times
  • The average score is 5 of 10
Answer Stats
Picture Hint Answer % Correct
1935-1977 Elvis Presley
98%
1940-2022 Pelé
84%
1996- Zendaya
80%
1946- Steven Spielberg
78%
1643-1727 Isaac Newton
76%
1947- Stephen King
67%
2001- Iga Świątek
27%
1999- Damiano David
8%
1938- Phil Knight
6%
1891-1958 Ole Kirk Christiansen
0%
No matching quizzes found
Score Distribution
Percent of People with Each Score
Percentile by Number Answered
Your Score History
You have not taken this quiz